1802 1979 1246 1724 1202 1646 1019 1125 1294 1080 1502 1455 1251 1612 1289 1938 1392 1061 1921 1002 1848 1232 1261 1204 1123 1832 1531 1232 1496 1951 1873 1875 1805 1903 1722 1849 1554 1436 1439 1371 1925 1186 1490 1238 1262 1770 1077 1400 1581 1608 1207 1871 1537 1577 1947 1538 1151 1326 1142 1626 1754 1539 1040 1714 1241 1924 1779 1211 1101 1292 1737 1919 1553 1528 1810 1099 1549 1393 1579 1211 1429 1270 1929 1524 1269 1077 1646 1894 1240 1895 1575 1612 1634 1714 1112 1032 1059 1750 1784 BCNSPRNW ULIB Ver.6.0+V

เปลี่ยนเป็นภาษาไทย

Change to English
 แสดงรายละเอียดบรรณานุกรม
  กลับหน้าหลัก

Brief Record : Get Marc (ISO 2709) : E-mail record : QR code < ปิดหน้าต่าง
LEADER : 00000nam 2200000uu 4500
001    13399127508
003     ULIB
008    200911s2562||||th 000 0 tha d
020 ^- ^a9786160037919
050 ^- ^aนว.^bก371ค
100 0^ ^aกนิษฐา ปานเกตุ.
245 10 ^aคุณพ่อสายลับ =My daddy is sitting bull /^cกรรัมภา.
246 11 ^aMy daddy is sitting bull
250 ^- ^aพิมพ์ครั้งแรก.
260 ^- ^aกรุงเทพฯ :^bพิมพ์คำ,^c2562
300 ^- ^a519 หน้า.
490 1^ ^aชุด Love choices รักลงเอย ;[ลำดับที่ 1]
945    ^p360^l0^i007108
999    ^aประนอม เกษจรัล
รายการนี้ยังไม่มีแท็ก
คุณยังไม่ได้ล็อกอิน คุณสามารถมีกิจกรรมร่วมกับเว็บไซต์ได้ แต่ต้องล็อกอินก่อน ::
  ล็อกอิน

รายการสื่อสารสนเทศ

ลำดับที่ ประเภท เลขเรียก/บาร์โค้ด สถานที่ สถานะ
1. นวนิยาย
นวนิยาย
นว. ก371ค ฉ.1 
  Barcode: 007108
ห้องสมุดวิทยาเขตนครสวรรค์
►นวนิยาย:l:Fiction
บนชั้น

รายการใกล้เคียง
    ผู้แต่ง [กนิษฐา ปานเกตุ.]

BibComment


ยังไม่เคยถูกคอมเมนท์

คอมเมนท์ทรัพยากรรายการนี้
  คอมเมนท์: คุณพ่อสายลับ My ..


 Copyright 2026. Bcnsprnw @Library